00427 2200157 4500001002100000005001500021035002000036245008700056100001200143250001000155300002700165260004100192082000600233084001200239020001800251INLIS00000000000020720220921084618 a0010-09220000071 aDi Antara Senja yang Kelabu :bMenunggumu adalah Gelisah Paling Panjang /cClarisa0 aClarisa acet.1 ax + 182 hlm. ;c19 cm. aJakarta :bTransMedia Pustaka,c2020 aF aF CLA d a9786237100317